Commerce and Management MCQ : (Record no. 172350)

MARC details
000 -LEADER
fixed length control field 00565nam a22001817a 4500
005 - DATE AND TIME OF LATEST TRANSACTION
control field 20201116145308.0
010 ## - LCCN (DPL NO)
LC control number ENG-127621
020 ## - INTERNATIONAL STANDARD BOOK NUMBER
International Standard Book Number 9789388927246
Terms of availability 150.00
035 ## - SYSTEM CONTROL NUMBER
System control number EN-111153
037 ## - SOURCE OF ACQUISITION
Source of stock number/acquisition DBAD/PUB
082 ## - DEWEY DECIMAL CLASSIFICATION NUMBER
Classification number 000
100 ## - MAIN ENTRY--PERSONAL NAME
Personal name Swadia,Bhavik U
245 ## - TITLE STATEMENT
Title Commerce and Management MCQ :
Statement of responsibility, etc net,set and other competitive Exams/
Remainder of title by Bhavik U Swadia [and] Jaimin Patel
260 ## - PUBLICATION, DISTRIBUTION, ETC. (IMPRINT)
Place of publication, distribution, etc Ahmedabad
Name of publisher, distributor, etc Vedant
Date of publication, distribution, etc 2019
270 ## - ADDRESS
City Ahmedabad
Address Rajkot, Ahmedabad Surat
Postal code 360003
300 ## - PHYSICAL DESCRIPTION
Extent 108p.
Other physical details 21cm(pbk)
942 ## - ADDED ENTRY ELEMENTS (KOHA)
Source of classification or shelving scheme Dewey Decimal Classification
Item type English Books
Classification part 000
Call number suffix SWA
Holdings
Withdrawn status Lost status Not for loan Collection code Home library Current library Date acquired Source of acquisition Cost, normal purchase price Full call number Barcode Copy number Cost, replacement price Koha item type
      Non-fiction Sarojini Nagar Sarojini Nagar 03/02/2020 DBAD/PUB 150.00 000 SWA EN-111153 1 150.00 English Books

© Delhi Public Library
Hit Counter
free hit counter